Geography containing PA-PZ - Statistics

General Stats
  • This quiz has been taken 4 times
  • The average score is 10 of 26
Answer Stats
Contains: Clue Answer % Correct
PX The code for Sphinx International Airport, Giza (3) SPX
100%
PC City of Chile, a word referring to the miraculous pregnancy of the Virgin Mary (10) Concepcion
75%
PA We hear about a patient friend at a city in Uganda (7 letters) Kampala
75%
PZ This was one of the biggest cities in East Germany (7) Leipzig
75%
PU Capital city of Mozambique (6) Maputo
75%
PY The Burmese capital (9) Naypyidaw
75%
PJ North Macedonia's capital (6) Skopje
75%
PE A range of Italian mountains containing the name of English hills (9) Apennines
50%
PH Hang around a city of Vietnam, going in a straight line, then in a circle (8) Haiphong
50%
PL Italian city where planes can get into trouble (6) Naples
50%
PI Large city of Pakistan, close to Islamabad (10) Rawalpindi
50%
PT English port where the Titanic set off from (11) Southampton
50%
PV Winner drives vehicles through French village (9) Champvans
25%
PG The day and hour for you to get some fresh air in town of India (8) Dhupgari
25%
PW City in Zimbabwe where party drug has therapeutic value (7) Epworth
25%
PS Suffolk town where internet protocol hub is developed (7) Ipswich
25%
PF German town whose name means new market in the upper palatinate (22) Neumarkt in der Oberpfalz
25%
PR Californian desert resort named after trees and river sources (11) Palm Springs
25%
PN Stegosaurus body parts seen at Kazakh town (11) Stepnogorsk
25%
PM On top of a church in East London (9) Upminster
25%
PK A type of music to be expected in a suburb of Orlando (6) Apopka
0%
PP Fruit and crucifix seen on Highland peninsula (10) Applecross
0%
PB Glasgow suburb whose name is a Scottish form of "bridges of a chessman" (12) Bishopbriggs
0%
PD Porky-sounding Massachusetts town, and a stadium in Glasgow (7) Hampden
0%
PQ Method of checking used in industry at large Chinese town (6) Qapqal
0%
PO Soap Niger develops for export to Asian country (9) Singapore
0%
No matching quizzes found
Score Distribution
Percent of People with Each Score
Percentile by Number Answered
Your Score History
You have not taken this quiz